000 00608nam a2200229Ia 4500
003 OSt
005 20220928113717.0
006 a|||||r|||| 00| 0
007 ta
008 220927b |||||||| |||| 00| 0 eng d
024 _a60587
037 _cTextual
040 _aSDCL
_cSDCL
_beng
041 _2eng
_aeng
082 _aR66xJ85,1, K4
100 _aAdhavariendra
_9434634
245 0 _aVedant paribhasha.
260 _aLukhnow
_bAkhil Bhatiya Sanskrit Parishad
_c1964
300 _avii,337p.
_ccm.
942 _hR66xJ85,1, K4
_cTEXL
_2CC
999 _c750939
_d750939